000 00388nam a22001577a 4500
020 _a-
082 _a297.122
100 _aIsrar, Ahmed Dr.
245 _aBeyan-ul-Quran (Vol-4) Urdu
250 _aVol-4
260 _aPeshawar
_bAnjuman Khudam-ul-Quran
_c2011
300 _a394 p.
_bill.;
500 _aIncludes index
650 _a1. Handling and recitation of Holy Quraan
942 _cBK
999 _c12819
_d12819